000 00451nam a2200181Ia 4500
001 3591
005 20260306145654.0
008 260306t2007||||xx |||||||||||||| ||spa||
041 _aESP
082 _a295
_bM41
100 _aMelina, Livio
_eAUT
245 0 _aCaminar a la luz del amor:
_blos fundamentos de la moral cristiana
260 _c2007
300 _a923 páginas :
_c24 cm.
650 _aGEN
654 _aCHU
942 _cLIB
_dJUS
_fJUS
_2ddc
_n
999 _c3591
_d3591